Culture générale ! Une image... Un des... (41) - Statistiques

Statistiques générales
  • Ce quiz a été pris 86 fois
    77 depuis la dernière actualisation
  • Le résultat moyen est 11 sur 30
Statistiques - réponses
Par images Hint Réponse % Correct
Cowboys de BD Lucky Luke
89%
mets de luxe Caviar
87%
monnaies du monde dollar
85%
fruits secs Noix de cajou
79%
instrument de dessin Compas
74%
5 du Big Five Eléphant
69%
êtres mythologiques cyclope
65%
sortes de pates Lasagne
65%
élément du cerveau Neurones
61%
pays du monde Laos
60%
genres de peinture Nature morte
45%
chanteuses françaises Patricia Kaas
40%
Pays du monde Sainte-Lucie
40%
acteurs français Jean Gabin
39%
présentateurs de tv Jacques Martin
32%
sports olympiques Taekwondo
27%
meubles guéridon
26%
sports olympiques Gymnastique rythmique
18%
Monotrèmes Echidné
10%
20 villes les plus touristiques Osaka
10%
châteaux disparus Richelieu
10%
peintres flamands Jan Van Eyck
6%
préfectures de France Cahors
5%
présidents de l'Assemblée François de Rugy
5%
films célébrissimes Les tontons flingueurs
5%
instrumens de mesure du temps Réveil-radio
5%
photographes français Nadar
3%
films de James Bond L'homme au pistolet d'or
2%
pièces de vêtement religieux Guimpe
0%
champions olympiques français Steeve Guénot
0%
Aucun quiz correspondant
Distribution des résultats
% des personnes avec chaque résultat
Percentile par nombre de réponses
Votre historique - résultats
Vous n’avez pas pris ce quiz depuis la dernière actualisation